Hidrology /
| Autor principal: | |
|---|---|
| Formato: | Libro |
| Publicado: |
New York :
Dover,
1942.
|
| Materias: | |
| Etiquetas: |
Agregar Etiqueta
Sin Etiquetas, Sea el primero en etiquetar este registro!
|
MARC
| LEADER | 00000nam a22000004a 4500 | ||
|---|---|---|---|
| 001 | AR-BbUGT1984 | ||
| 003 | AR-BbUGT | ||
| 005 | 20181220001613.0 | ||
| 007 | ta | ||
| 008 | 061101t1942 |||abd |0|||0| d | ||
| 040 | |a AR-BbUGT |b spa |c AR-BbUGT | ||
| 082 | 0 | 4 | |a 551.48 |
| 100 | 1 | |a Meinzer, Oscar. | |
| 245 | 1 | 0 | |a Hidrology / |c Oscar Meinzer. |
| 260 | |a New York : |b Dover, |c 1942. | ||
| 300 | |a 712 p. : |b il. , diagrs., mapas, tablas | ||
| 653 | |a Geociencias | ||
| 653 | |a Hidrología | ||
| 942 | |c BK |h 551.48 |i M477 |m D |2 ddc |6 551_480000000000000_M477 | ||
| 999 | |c 9670 |d 9670 | ||